000 00525nam a2200205Ia 4500
999 _c1380
_d1380
003 0100
008 130227s9999 xx 000 0 und d
040 _cARRUPELIB
050 _aGR355.B427
100 _aBelcher, Stephen
_936870
245 _aAfrican myths of origin
245 _bstories selected and retold
260 _bPenguin Books
_aLondon
_c2005
300 _a511p.
300 _b 23 cm
650 _aCreation
_936871
650 _aTales
_xAfrica
_936809
942 _2lcc
_cMONOGRAPH